Školský imperatív
Pozitíva a negatíva v oblasti vzdelávania na Slovensku. Inštitucionalizovanie vysokých škôl ako účastníkov na trhu. Trhovo orientované návrhy na reformu školstva. Nižšie formy vzdelávania. Slobodné školstvo. Sociálne aspekty reformy. Greshamov zákon vzdelávania.
Enregistré dans:
| Auteur principal: | |
|---|---|
| Autres auteurs: | |
| Format: | Chapitre de livre |
| Langue: | slovaque |
| Sujets: | |
| Tags: |
Pas de tags, Soyez le premier à ajouter un tag!
|
MARC
| LEADER | 00000naa$a2200000$$$4500 | ||
|---|---|---|---|
| 001 | 0001950 | ||
| 005 | 20231003120321.9 | ||
| 041 | 0 | |a slo | |
| 044 | |a CZ | ||
| 245 | 1 | 0 | |a Školský imperatív |c Šimon Biľo, Eva Kindlová |
| 520 | |a Pozitíva a negatíva v oblasti vzdelávania na Slovensku. Inštitucionalizovanie vysokých škôl ako účastníkov na trhu. Trhovo orientované návrhy na reformu školstva. Nižšie formy vzdelávania. Slobodné školstvo. Sociálne aspekty reformy. Greshamov zákon vzdelávania. | ||
| 610 | 2 | 0 | |a vzdelávanie |
| 610 | 2 | 0 | |a reformy školské |
| 610 | 2 | 0 | |a Slovensko |
| 610 | 2 | 0 | |a financovanie vedy |
| 610 | 2 | 0 | |a financovanie výskumu |
| 610 | 2 | 0 | |a školstvo |
| 610 | 2 | 0 | |a trh |
| 100 | 1 | |a Biľo, Šimon | |
| 700 | 1 | |a Kindlová, Eva | |